Państwa z największą liczbą pól golfowych - Statystyki

Ogólne statystyki
  • Ten quiz został rozwiązany 12 razy
  • Średni wynik to 17 z 20
Statystyki odpowiedzi
# Państwo % Poprawnych
617 Chiny
100%
811 Francja
100%
493 Hiszpania
100%
298 Indie
100%
2,564 Kanada
100%
16,156 Stany Zjednoczone
100%
3,101 Wielka Brytania
100%
312 Włochy
100%
1,584 Australia
90%
3,140 Japonia
90%
1,054 Niemcy
90%
416 Nowa Zelandia
90%
650 Szwecja
90%
350 Holandia
80%
810 Korea Południowa
80%
348 Argentyna
70%
347 Dania
70%
365 Irlandia
70%
477 RPA
70%
317 Tajlandia
40%
Nie znaleziono quizów pasujących do podanych kryteriów
Rozkład punktacji
Procent ludzi z każdym wynikiem
Percentyl według liczby udzielonych odpowiedzi
Twoja historia wyników
Nie rozwiązałeś tego quizu